1111 1851 1512 1720 1902 1454 1647 1543 1874 1481 1700 1931 1843 1666 1161 1633 1423 1102 1130 1670 1720 1390 1235 1956 1814 1281 1216 1805 1561 1904 1356 1995 1020 1714 1919 1182 1508 1004 1506 1854 1395 1834 1347 1670 1108 1630 1109 1243 1720 1280 1341 1276 1036 1594 1240 1862 1582 1247 1334 1837 1491 1907 1090 1731 1107 1449 1474 1299 1005 1052 1340 1882 1610 1852 1045 1386 1154 1136 1443 1054 1878 1000 1228 1863 1193 1480 1829 1456 1491 1383 1996 1073 1063 1393 1076 1057 1951 1306 1358 BCNSPRNW ULIB Ver.6.0+V

เปลี่ยนเป็นภาษาไทย

Change to English
 แสดงรายละเอียดบรรณานุกรม
  กลับหน้าหลัก

Brief Record : Get Marc (ISO 2709) : E-mail record : QR code < ปิดหน้าต่าง
LEADER : 00000nam 2200000uu 4500
001    13399121521
003     ULIB
008    121122s2548||||th 000 0 tha d
020    ^a9746141678
020    ^a9746141686
060 04 ^aWC100^bส719ร 2
245 00 ^aโรคติดต่อและโรคไม่ติดต่อ หน่วยที่ 9-15 =^bCommunicable disease and non-communicable disease /^cศุภมิตร ชุณห์สุทธิวัฒน์ ...[และคนอื่นฯ]
246 31 ^aCommunicable disease and non-communicable disease
260    ^aนนทบุรี :^bสำนักพิมพ์มหาวิทยาลัยสุโขทัยธรรมาธิราช,^c2548
300    ^a2 เล่ม :^bภาพประกอบ ;^c30 ซม.
500    ^a"เอกสารการสอนชุดวิชา 56201 หน่วยที่ 1-8, 9-15" -- หน้าปกใน
500    ^aSend to Single Search
650  4 ^aโรคติดต่อ
650  4 ^aโรคไม่ติดต่อ
700 0  ^aศุภมิตร ชุณห์สุทธิวัฒน์
710 2  ^aมหาวิทยาลัยสุโขทัยธรรมาธิราช. ^bสาขาวิชาวิทยาศาสตร์สุขภาพ
945    ^p0^l0^i24417
995    ^aกัณชพร
999    ^aกัณชพร
รายการนี้ยังไม่มีแท็ก
คุณยังไม่ได้ล็อกอิน คุณสามารถมีกิจกรรมร่วมกับเว็บไซต์ได้ แต่ต้องล็อกอินก่อน ::
  ล็อกอิน

รายการสื่อสารสนเทศ

ลำดับที่ ประเภท เลขเรียก/บาร์โค้ด สถานที่ สถานะ
1. วิทยาศาสตร์การแพทย์ และสุขภาพ
วิทยาศาสตร์การแพทย์ และสุขภาพ
WC100 ส719ร 2  
  Barcode: 24417
ห้องสมุดวิทยาเขตสวรรค์ประชารักษ์
►หนังสือทั่วไป
บนชั้น

รายการใกล้เคียง
    หัวเรื่อง [โรคติดต่อ]
    หัวเรื่อง [โรคไม่ติดต่อ]

BibComment


ยังไม่เคยถูกคอมเมนท์

คอมเมนท์ทรัพยากรรายการนี้
  คอมเมนท์: โรคติดต่อและโรคไ..


 Copyright 2026. Bcnsprnw @Library